Control of complex systems : (Record no. 586668)

000 -LEADER
fixed length control field 01479cam a22004097u 4500
001 - CONTROL NUMBER
control field 16035759
003 - CONTROL NUMBER IDENTIFIER
control field NUST
005 - DATE AND TIME OF LATEST TRANSACTION
control field 20211109144719.0
008 - FIXED-LENGTH DATA ELEMENTS--GENERAL INFORMATION
fixed length control field 091228s2010 nyua b 001 0 eng
010 ## - LIBRARY OF CONGRESS CONTROL NUMBER
LC control number 2009944065
015 ## - NATIONAL BIBLIOGRAPHY NUMBER
National bibliography number GBA984771
Source bnb
016 7# - NATIONAL BIBLIOGRAPHIC AGENCY CONTROL NUMBER
Record control number 015357538
Source Uk
020 ## - INTERNATIONAL STANDARD BOOK NUMBER
International Standard Book Number 9781441912152 (hbk. : acidfree paper)
020 ## - INTERNATIONAL STANDARD BOOK NUMBER
International Standard Book Number 1441912150 (hbk. : acidfree paper)
020 ## - INTERNATIONAL STANDARD BOOK NUMBER
Canceled/invalid ISBN 9781441912169 (ebk.)
035 ## - SYSTEM CONTROL NUMBER
System control number (OCoLC)ocn428029439
038 ## - RECORD CONTENT LICENSOR
Staff Name Muzammil
040 ## - CATALOGING SOURCE
Original cataloging agency UKM
Transcribing agency UKM
Modifying agency BTCTA
-- YDXCP
-- CDX
-- NUI
-- SHH
-- HEBIS
-- VRC
-- DLC
042 ## - AUTHENTICATION CODE
Authentication code lccopycat
050 00 - LIBRARY OF CONGRESS CALL NUMBER
Classification number QA402.3
Item number .Z43 2010
082 04 - DEWEY DECIMAL CLASSIFICATION NUMBER
Classification number 003
Edition number 22
Author Mark ZEC
100 1# - MAIN ENTRY--PERSONAL NAME
Personal name Zečević, Aleksandar I.
9 (RLIN) 81505
245 10 - TITLE STATEMENT
Title Control of complex systems :
Remainder of title structural constraints and uncertainty /
Statement of responsibility, etc. Aleksandar I. Zečević, Dragoslav D. Šiljak.
260 ## - PUBLICATION, DISTRIBUTION, ETC.
Place of publication, distribution, etc. New York ;
-- London :
Name of publisher, distributor, etc. Springer,
Date of publication, distribution, etc. 2010.
300 ## - PHYSICAL DESCRIPTION
Extent xiii, 221 p. :
Other physical details ill. ;
Dimensions 25 cm.
490 1# - SERIES STATEMENT
Series statement Communications and control engineering
504 ## - BIBLIOGRAPHY, ETC. NOTE
Bibliography, etc. note Includes bibliographical references and index.
563 ## - BINDING INFORMATION
Binding note Hard binding
650 #0 - SUBJECT ADDED ENTRY--TOPICAL TERM
Topical term or geographic name entry element Control theory.
9 (RLIN) 31494
650 #0 - SUBJECT ADDED ENTRY--TOPICAL TERM
Topical term or geographic name entry element Large scale systems.
9 (RLIN) 81506
700 1# - ADDED ENTRY--PERSONAL NAME
Personal name Siljak, Dragoslav D.
9 (RLIN) 81507
830 #0 - SERIES ADDED ENTRY--UNIFORM TITLE
Uniform title Communications and control engineering.
9 (RLIN) 81508
906 ## - LOCAL DATA ELEMENT F, LDF (RLIN)
a 7
b cbc
c copycat
d 2
e ncip
f 20
g y-gencatlg
942 ## - ADDED ENTRY ELEMENTS (KOHA)
Source of classification or shelving scheme
Koha item type Book
Holdings
Withdrawn status Lost status Source of classification or shelving scheme Damaged status Not for loan Permanent Location Current Location Shelving location Date acquired Total Checkouts Full call number Barcode Date last seen Price effective from Koha item type Public note
          School of Mechanical & Manufacturing Engineering (SMME) School of Mechanical & Manufacturing Engineering (SMME) General Stacks 11/09/2021   003 ZEC SMME-1926 11/09/2021 11/09/2021 Book Rack,50-Shelf,1
© 2023 Central Library, National University of Sciences and Technology. All Rights Reserved.